Sports Quiz

Random Sports or University Quiz
Score 0/20 Timer 07:00
1 Play Today
Hint Answer % Correct
StateUtah
94.8%
Primary RivalUtah
94.8%
Team ColorWhite
94.3%
No. of Women's Varsity Sports10
84.5%
No. of Men's Varsity Sports9
83.8%
NicknameCougars
82.8%
Famous Alum: QB Steve _____Young
82.5%
Famous Alum: SG _______ AingeDanny
76.3%
ConferenceWCC
73.1%
Primary RivalUtah State
72.8%
Hint Answer % Correct
Famous Alum: SG Jimmer ________Fredette
67.3%
CityProvo
64.9%
Team ColorBlue
43.7%
Football StadiumLaVell Edwards Stadium
35%
Basketball ArenaMarriott Center
30.7%
MascotCosmo the Cougar
29.3%
Sport w/ most NCAA ChampionshipsWomen's Cross Country (4)
26.5%
Athletic DirectorTom Holmoe
15.5%
Baseball StadiumLarry H. Miller Field
12.3%
Fight SongThe Cougar Song
9.8%
Remove Ads.
Support Sporcle.
Get the best of Sporcle when you Go Orange. This ad-free experience offers more features, more stats, and more fun while also helping to support Sporcle. Thank you for becoming a member.

You're not logged in!

Compare scores with friends on all Sporcle quizzes.
OR
Log In

Show Comments

Extras

Top Quizzes Today


Score Distribution

Your Account Isn't Verified!

In order to create a playlist on Sporcle, you need to verify the email address you used during registration. Go to your Sporcle Settings to finish the process.

Report this User

Report this user for behavior that violates our Community Guidelines.

Details: